[Event "II Festival Francophone des Echecs"]
[Site "Arvier ITA"]
[Date "2010.07.08"]
[Round "8"]
[White "Marguerettaz, Davy"]
[Black "Montani, Riccardo"]
[Result "1-0"]
[WhiteElo "2092"]
[BlackElo "1870"]
[PlyCount "51"]
[EventDate "2010.07.03"]

1. e4 c5 2. Nf3 d6 3. d4 cxd4 4. Qxd4 Nc6 5. Bb5 Bd7 6. Bxc6 Bxc6 7. Nc3 Nf6 8.
Bg5 e6 9. O-O-O Be7 10. Rhe1 Qa5 11. Kb1 Rd8 12. Qd2 b5 13. Nd4 Bd7 14. Ncxb5
Qb6 15. Nc3 Rb8 16. b3 a5 17. a4 O-O 18. Ndb5 Rfc8 19. e5 Bxb5 20. exf6 gxf6
21. Be3 Qc6 22. Nxb5 d5 23. Na7 Qxa4 24. Nxc8 Rxb3+ 25. cxb3 Qxb3+ 26. Qb2 1-0

[Event "II Festival Francophone des Echecs"]
[Site "Arvier ITA"]
[Date "2010.07.08"]
[Round "8"]
[White "Mongelli, Francesco Saverio"]
[Black "Dritsakos, Alessio"]
[Result "0-1"]
[WhiteElo "1329"]
[BlackElo "1930"]
[PlyCount "40"]
[EventDate "2010.07.03"]

1. e4 e5 2. Nf3 Nc6 3. Bb5 a6 4. Ba4 Nf6 5. Nc3 b5 6. Bb3 Bc5 7. d3 h6 8. O-O
O-O 9. Nd5 d6 10. h3 Be6 11. Nxf6+ Qxf6 12. Bxe6 fxe6 13. Be3 Ne7 14. Bxc5 dxc5
15. Qd2 Ng6 16. a4 Qe7 17. axb5 Rxf3 18. gxf3 Nf4 19. Rfe1 Qg5+ 20. Kf1 Qg2#
0-1

[Event "II Festival Francophone des Echecs"]
[Site "Arvier ITA"]
[Date "2010.07.08"]
[Round "8"]
[White "Petkov, Vladimir"]
[Black "Arnaudov, G. Petar"]
[Result "1/2-1/2"]
[WhiteElo "2496"]
[BlackElo "2423"]
[PlyCount "25"]
[EventDate "2010.07.03"]

1. d4 d5 2. c4 e6 3. Nf3 Nf6 4. Nc3 Be7 5. Bg5 O-O 6. e3 h6 7. Bh4 b6 8. cxd5
Nxd5 9. Bxe7 Qxe7 10. Nxd5 exd5 11. Rc1 Be6 12. Qa4 c5 13. Qa3 1/2-1/2

[Event "II Festival Francophone des Echecs"]
[Site "Arvier ITA"]
[Date "2010.07.08"]
[Round "8"]
[White "Pierantoni, Mauro"]
[Black "Belabbas, Abdellah"]
[Result "0-1"]
[WhiteElo "1736"]
[BlackElo "1873"]
[PlyCount "76"]
[EventDate "2010.07.03"]

1. b4 Nf6 2. Bb2 e6 3. b5 d5 4. e3 c5 5. Nf3 Be7 6. c4 O-O 7. Qc2 Nbd7 8. d4 h6
9. Nbd2 Re8 10. Bd3 dxc4 11. Nxc4 cxd4 12. Bxd4 Nc5 13. Be2 Nfd7 14. Rd1 Qc7
15. O-O f6 16. Rc1 e5 17. Qg6 Rd8 18. Ncxe5 fxe5 19. Bc4+ Kh8 20. Bd3 Nf8 21.
Bxe5 Nxg6 22. Bxc7 Rxd3 23. h4 Bg4 24. Ne5 Nxe5 25. Bxe5 Ne6 26. Rc4 Be2 27.
Rfc1 Rd1+ 28. Rxd1 Bxd1 29. Bg3 Be2 30. Re4 Bxb5 31. Rxe6 Bf6 32. Re4 Rc8 33.
Rb4 Bc6 34. e4 a5 35. Rc4 Re8 36. f3 g5 37. hxg5 hxg5 38. Rc5 Bd4+ 0-1

[Event "II Festival Francophone des Echecs"]
[Site "Arvier ITA"]
[Date "2010.07.08"]
[Round "8"]
[White "Suba, Mihai"]
[Black "Efimov, Igor"]
[Result "1/2-1/2"]
[WhiteElo "2454"]
[BlackElo "2444"]
[PlyCount "23"]
[EventDate "2010.07.03"]

1. Nf3 Nf6 2. c4 c5 3. Nc3 Nc6 4. g3 g6 5. Bg2 Bg7 6. d4 cxd4 7. Nxd4 O-O 8.
O-O Qa5 9. e3 Qh5 10. h3 Qxd1 11. Rxd1 Nxd4 12. exd4 1/2-1/2

[Event "II Festival Francophone des Echecs"]
[Site "Arvier ITA"]
[Date "2010.07.08"]
[Round "8"]
[White "Yeuillaz, Corrado"]
[Black "Scalcione, Michelangelo"]
[Result "1-0"]
[WhiteElo "2199"]
[BlackElo "2352"]
[PlyCount "91"]
[EventDate "2010.07.03"]

1. d4 d6 2. c4 e5 3. Nf3 e4 4. Nfd2 f5 5. e3 Nf6 6. Nc3 g6 7. Be2 Qe7 8. Qc2 c6
9. Rb1 Bg7 10. b4 O-O 11. a4 Be6 12. Ba3 Nbd7 13. Nb3 Rae8 14. Na5 Nb8 15. b5
c5 16. Rd1 Qc7 17. Nb3 b6 18. O-O Qf7 19. d5 Bc8 20. Nd2 Nbd7 21. Bb2 Ne5 22.
Ra1 g5 23. a5 g4 24. axb6 axb6 25. Ra2 Qh5 26. f4 exf3 27. gxf3 f4 28. exf4 Ng6
29. Nde4 Nxf4 30. Nxf6+ Bxf6 31. Ne4 Bxb2 32. Qxb2 Re5 33. Kh1 Bf5 34. Ra8 Rxe4
35. Rxf8+ Kxf8 36. fxe4 Bxe4+ 37. Kg1 Qf5 38. h4 gxh3 39. Qh8+ Kf7 40. Bh5+
Qxh5 41. Rxf4+ Bf5 42. Rf2 h2+ 43. Kh1 Qh3 44. Qd8 Kg6 45. Qg8+ Kh6 46. Rxh2
1-0

[Event "II Festival Francophone des Echecs"]
[Site "Arvier ITA"]
[Date "2010.07.09"]
[Round "9"]
[White "Aral, Simone"]
[Black "Coqueraut, Lodewyk"]
[Result "1/2-1/2"]
[WhiteElo "1449"]
[BlackElo "1789"]
[PlyCount "106"]
[EventDate "2010.07.03"]

1. d4 d5 2. c4 e6 3. Nc3 c6 4. e3 Bd6 5. Nf3 f5 6. Bd2 Nf6 7. Qc2 O-O 8. Be2
Qe8 9. Ne5 a6 10. a4 Nbd7 11. f4 Ne4 12. h3 Ng3 13. Rg1 Nxe2 14. Nxe2 Qh5 15.
Nf3 Nf6 16. c5 Bc7 17. a5 Ne4 18. b4 Rf6 19. O-O-O Rh6 20. Rdf1 Bd7 21. Be1 Rf8
22. Ng3 Qe8 23. Qe2 Bd8 24. Kc2 Kh8 25. Ne5 Bc8 26. Rh1 Bf6 27. Nf3 Rg8 28.
Nxe4 dxe4 29. Ng5 Bxg5 30. fxg5 Rh5 31. h4 h6 32. Bg3 Kh7 33. Bf4 Bd7 34. Kc3
Qf7 35. Rfg1 Be8 36. Rf1 Qd7 37. Qc4 Bf7 38. Qe2 Rd8 39. Rd1 Qe8 40. Rdf1 e5
41. Bxe5 Qe6 42. Rb1 hxg5 43. hxg5 Rxh1 44. Rxh1+ Kg8 45. Rb1 Qg6 46. Bf4 Bd5
47. Rh1 Kf7 48. Qh5 Qxh5 49. Rxh5 Kg6 50. Rh4 Bg8 51. Kd2 Re8 52. Ke1 Kf7 53.
Kd2 Ke6 1/2-1/2

[Event "II Festival Francophone des Echecs"]
[Site "Arvier ITA"]
[Date "2010.07.09"]
[Round "9"]
[White "Arnaudov, G. Petar"]
[Black "Brun, Dario"]
[Result "1-0"]
[WhiteElo "2423"]
[BlackElo "2264"]
[PlyCount "43"]
[EventDate "2010.07.03"]

1. d4 d5 2. c4 c6 3. Nf3 Nf6 4. Qc2 dxc4 5. e4 b5 6. b3 cxb3 7. axb3 e6 8. Bd2
a5 9. Bd3 Bb7 10. O-O Nbd7 11. Nc3 Qb6 12. e5 Nd5 13. Nxd5 cxd5 14. Rfc1 Be7
15. Qc7 Bd8 16. Qxb6 Bxb6 17. Bxb5 Ke7 18. b4 Ra7 19. bxa5 Rha8 20. Rab1 Bd8
21. Bb4+ Ke8 22. Bc5 1-0

[Event "II Festival Francophone des Echecs"]
[Site "Arvier ITA"]
[Date "2010.07.09"]
[Round "9"]
[White "Biancotti, Alessandro"]
[Black "Marguerettaz, Davy"]
[Result "0-1"]
[WhiteElo "1895"]
[BlackElo "2092"]
[PlyCount "74"]
[EventDate "2010.07.03"]

1. e4 c6 2. d4 d5 3. exd5 cxd5 4. Bd3 Nc6 5. c3 Nf6 6. Bf4 Bg4 7. Qb3 Qd7 8.
Nd2 e6 9. Ngf3 Bxf3 10. Nxf3 Bd6 11. Bxd6 Qxd6 12. O-O O-O 13. Rfe1 Rab8 14.
Qc2 b5 15. a3 a5 16. Ne5 Rfc8 17. Qd2 Nd7 18. Bxh7+ Kxh7 19. Nxf7 Qf8 20. Ng5+
Kg8 21. Nxe6 Qf5 22. Re2 Nf6 23. Ng5 Re8 24. Rxe8+ Rxe8 25. h3 Ne4 26. Nxe4
Qxe4 27. Qd1 Qe2 28. Qb3 Rd8 29. a4 b4 30. Rd1 Kh8 31. cxb4 Nxb4 32. Rc1 Re8
33. Qg3 Qxb2 34. Qh4+ Kg8 35. Rc7 Qb1+ 36. Kh2 Qe4 37. Qh5 Qf4+ 0-1

[Event "II Festival Francophone des Echecs"]
[Site "Arvier ITA"]
[Date "2010.07.09"]
[Round "9"]
[White "Bosticardo, Tommaso"]
[Black "Cattaneo, Roger"]
[Result "1-0"]
[WhiteElo "1553"]
[BlackElo "1581"]
[PlyCount "97"]
[EventDate "2010.07.03"]

1. d4 d5 2. c4 c6 3. cxd5 cxd5 4. Nc3 Nf6 5. Bf4 a6 6. e3 e6 7. Bd3 Qb6 8. Rb1
Be7 9. Nf3 Nc6 10. a3 O-O 11. O-O Bd7 12. Ne5 Nxe5 13. dxe5 Ne8 14. Qh5 g6 15.
Qg4 Ng7 16. Nxd5 exd5 17. Qxd7 Qe6 18. Qxe6 fxe6 19. Be2 Rac8 20. Rbc1 h5 21.
h3 a5 22. Bd3 g5 23. Bh2 b5 24. Bxb5 Rb8 25. a4 Bb4 26. Rc6 Rfc8 27. Rfc1 Rxc6
28. Rxc6 Kf7 29. g4 hxg4 30. hxg4 Rd8 31. Rc1 Ke7 32. Kg2 Kf8 33. Kf3 Ke7 34.
Bg3 Rf8+ 35. Ke2 Rd8 36. Kd3 Kf7 37. f3 Kg8 38. Be1 Bxe1 39. Rxe1 Rc8 40. Kd2
Rc7 41. Rc1 Ra7 42. Rc6 Kf7 43. Ra6 Rxa6 44. Bxa6 Ke7 45. Bb5 Kd8 46. Kc3 Kc7
47. b4 Kb6 48. bxa5+ Kxa5 49. Kb3 1-0

[Event "II Festival Francophone des Echecs"]
[Site "Arvier ITA"]
[Date "2010.07.09"]
[Round "9"]
[White "Chiarotto, Filippo"]
[Black "Manni, Stefano"]
[Result "1-0"]
[WhiteElo "2097"]
[BlackElo "1993"]
[PlyCount "55"]
[EventDate "2010.07.03"]

1. e4 e5 2. Nf3 Nc6 3. Bb5 Nf6 4. Qe2 a6 5. Bc4 b5 6. Bb3 Bc5 7. c3 d6 8. h3
O-O 9. d3 h6 10. O-O Ba7 11. a4 Nh5 12. Kh2 Qf6 13. axb5 axb5 14. Bd5 Bd7 15.
Na3 Bb6 16. Bd2 g5 17. g3 Rab8 18. Nxg5 Ng7 19. Nf3 Ne7 20. Nh4 Nxd5 21. exd5
Nf5 22. Nxf5 Bxf5 23. g4 Bd7 24. f4 exf4 25. Rxf4 Qg6 26. Qf3 f5 27. gxf5 Bxf5
28. d4 1-0

[Event "II Festival Francophone des Echecs"]
[Site "Arvier ITA"]
[Date "2010.07.09"]
[Round "9"]
[White "De Leeuw, Johannes"]
[Black "Frank, Albert"]
[Result "0-1"]
[WhiteElo "1888"]
[BlackElo "1925"]
[PlyCount "92"]
[EventDate "2010.07.03"]

1. e4 c5 2. Nf3 d6 3. c3 Nf6 4. d3 Nc6 5. Bg5 e5 6. Be2 Be7 7. Nbd2 O-O 8. O-O
Nh5 9. Bxe7 Qxe7 10. Re1 Nf4 11. Bf1 Bg4 12. Nc4 Qf6 13. Ne3 Nh3+ 14. gxh3 Bxf3
15. Qc1 Qg6+ 16. Bg2 f5 17. exf5 Rxf5 18. Kh1 Bxg2+ 19. Nxg2 Rxf2 20. Rg1 Qxd3
21. Qe3 Qxe3 22. Nxe3 Rf3 23. Rae1 Raf8 24. Rg3 Rxg3 25. hxg3 Rf2 26. Rd1 Rxb2
27. Rxd6 Rxa2 28. Rd7 b5 29. Rc7 Ra6 30. Nd5 Kf8 31. Kg2 b4 32. cxb4 cxb4 33.
Rb7 Ra2+ 34. Kf3 b3 35. Ke4 Re2+ 36. Kd3 Rg2 37. Ne3 Rxg3 38. Rxb3 Rxh3 39. Rb7
a5 40. Ke4 a4 41. Nf5 g6 42. Nd6 a3 43. Kd5 a2 44. Rf7+ Kg8 45. Rf1 Nb4+ 46.
Ke6 e4 0-1

[Event "II Festival Francophone des Echecs"]
[Site "Arvier ITA"]
[Date "2010.07.09"]
[Round "9"]
[White "Dritsakos, Alessio"]
[Black "Barletta, Mauro"]
[Result "1/2-1/2"]
[WhiteElo "1930"]
[BlackElo "2212"]
[PlyCount "94"]
[EventDate "2010.07.03"]

1. e4 d5 2. exd5 Nf6 3. Nf3 Nxd5 4. d4 g6 5. Be2 Bg7 6. O-O O-O 7. c4 Nb6 8. c5
Nd5 9. Nc3 c6 10. Qb3 b6 11. Nxd5 cxd5 12. cxb6 Qxb6 13. Qxd5 Bb7 14. Qc5 Qd8
15. Be3 Nd7 16. Qa3 Nb6 17. Rac1 Nd5 18. Rc5 e6 19. Bg5 f6 20. Bd2 Rf7 21. Re1
Bf8 22. Ba5 Qb8 23. Bc4 Bxc5 24. dxc5 Qf4 25. Qd3 Qg4 26. h3 Qh5 27. Bd2 Nc7
28. b4 Bd5 29. Kh2 Re8 30. Bb5 g5 31. Bxe8 Nxe8 32. Nd4 Ng7 33. g4 Qh6 34. c6
f5 35. f3 fxg4 36. fxg4 Rf2+ 37. Kg1 Rg2+ 38. Kf1 Qf6+ 39. Nf5 Nxf5 40. gxf5 g4
41. Rxe6 Bxe6 42. Kxg2 Bxf5 43. Qd5+ Be6 44. Qg5+ Qxg5 45. Bxg5 Bd5+ 46. Kg3
Bxc6 47. hxg4 Kf7 1/2-1/2

[Event "II Festival Francophone des Echecs"]
[Site "Arvier ITA"]
[Date "2010.07.09"]
[Round "9"]
[White "Fossati, Remigio"]
[Black "Astengo, Marcello"]
[Result "1/2-1/2"]
[WhiteElo "2233"]
[BlackElo "2071"]
[PlyCount "129"]
[EventDate "2010.07.03"]

1. d4 d5 2. c4 c6 3. Nf3 Nf6 4. Qc2 e6 5. Bg5 Be7 6. e3 O-O 7. Nc3 Nbd7 8. cxd5
exd5 9. Bd3 Re8 10. O-O Nf8 11. Rab1 Be6 12. h3 Rc8 13. Rfe1 Ne4 14. Bxe7 Qxe7
15. b4 f5 16. Ne5 Nd7 17. Nxd7 Qxd7 18. Bf1 Rf8 19. Ne2 g5 20. Rb3 Qg7 21. Nc1
g4 22. g3 Ng5 23. Bg2 gxh3 24. Bh1 Ne4 25. Kh2 Kh8 26. Rg1 Rg8 27. f3 Nd6 28.
Nd3 h5 29. Nf4 Qh6 30. Rbb1 Bd7 31. Qf2 Rce8 32. Rbe1 Nc4 33. Qf1 Nxe3 34. Qxh3
Nc2 35. Rxe8 Rxe8 36. Rd1 Bc8 37. b5 cxb5 38. Qh4 Ne3 39. Re1 Kh7 40. Nxd5 Ng4+
41. fxg4 Rxe1 42. g5 Rxh1+ 43. Kxh1 Qc6 44. Qxh5+ Kg7 45. Qh6+ Qxh6+ 46. gxh6+
Kxh6 47. Nf4 a5 48. Kg2 Kg5 49. Kf3 b6 50. a3 Bb7+ 51. Kf2 Kg4 52. d5 a4 53.
Nd3 Bxd5 54. Nb4 Be4 55. Na2 Kg5 56. Ke3 Bd5 57. Nb4 Bc4 58. Nc2 Kf6 59. Kd4
Ke6 60. Nb4 Kd6 61. Nc2 Ba2 62. Nb4 Bb1 63. Nd5 Kc6 64. Nb4+ Kd6 65. Nd5
1/2-1/2

[Event "II Festival Francophone des Echecs"]
[Site "Arvier ITA"]
[Date "2010.07.09"]
[Round "9"]
[White "Guillaumat, Jean-Pierre"]
[Black "Mongelli, Francesco Saverio"]
[Result "1-0"]
[WhiteElo "1959"]
[BlackElo "1329"]
[PlyCount "79"]
[EventDate "2010.07.03"]

1. d4 Nf6 2. Nf3 e6 3. c4 g6 4. Nc3 Bg7 5. e4 O-O 6. Be2 Nc6 7. O-O b6 8. Bg5
Ne7 9. Qd2 Bb7 10. d5 exd5 11. cxd5 d6 12. h3 a6 13. Bh6 b5 14. a3 Kh8 15. Rfe1
Neg8 16. Bxg7+ Kxg7 17. Rad1 Re8 18. Qd4 Kf8 19. Ng5 h6 20. Nf3 Qe7 21. Bd3 Qd7
22. Bb1 Rad8 23. b4 c6 24. Kf1 cxd5 25. exd5 Rxe1+ 26. Rxe1 Re8 27. Rxe8+ Qxe8
28. Bc2 Qa8 29. Bb3 Kg7 30. Nd2 Kh7 31. Nde4 Nxe4 32. Qxe4 a5 33. Nxb5 Ba6 34.
a4 Bxb5+ 35. axb5 axb4 36. Qxb4 Qb8 37. b6 Ne7 38. b7 Kg8 39. g3 Nf5 40. Ba4
1-0

[Event "II Festival Francophone des Echecs"]
[Site "Arvier ITA"]
[Date "2010.07.09"]
[Round "9"]
[White "Mossong, Hubert"]
[Black "Bernard, Nicolas"]
[Result "1/2-1/2"]
[WhiteElo "2170"]
[BlackElo "2084"]
[PlyCount "106"]
[EventDate "2010.07.03"]

1. e4 d6 2. Nc3 g6 3. g3 Bg7 4. Bg2 Nf6 5. Nge2 O-O 6. O-O c5 7. d3 Nc6 8. h3
Rb8 9. Be3 b5 10. Qd2 e6 11. Bh6 b4 12. Nd1 Nd4 13. Bxg7 Kxg7 14. Ne3 Qc7 15.
f4 Nh5 16. Kh2 f5 17. Nc4 e5 18. Nxd4 cxd4 19. exf5 exf4 20. g4 f3 21. Rxf3 d5+
22. Kg1 Nf6 23. Na5 Qxa5 24. Qf4 Qb6 25. g5 Nh5 26. Qe5+ Kg8 27. fxg6 Rxf3 28.
Bxf3 hxg6 29. Qe8+ Kh7 30. Bxh5 Qe6 31. Qxe6 Bxe6 32. Re1 Rb6 33. Bf3 Rc6 34.
Re2 Kg7 35. h4 Kf7 36. h5 gxh5 37. Bxh5+ Kg7 38. Kf2 Bf5 39. Kg3 Bg6 40. Bf3
Ra6 41. Bxd5 Ra5 42. Be4 Rxa2 43. Kf4 Rxb2 44. Bxg6 Kxg6 45. Re6+ Kf7 46. Rc6
a5 47. g6+ Kg7 48. Kf5 Rb1 49. Rc7+ Kg8 50. Ra7 Rc1 51. Kf6 Rf1+ 52. Kg5 Rc1
53. Rxa5 Rxc2 1/2-1/2

[Event "II Festival Francophone des Echecs"]
[Site "Arvier ITA"]
[Date "2010.07.09"]
[Round "9"]
[White "Suba, Mihai"]
[Black "Yeuillaz, Corrado"]
[Result "1/2-1/2"]
[WhiteElo "2454"]
[BlackElo "2199"]
[PlyCount "23"]
[EventDate "2010.07.03"]

1. Nf3 c5 2. c4 d6 3. d4 cxd4 4. Nxd4 Nf6 5. Nc3 Nc6 6. e4 e6 7. Be2 a6 8. Be3
Be7 9. O-O O-O 10. Qd2 Qc7 11. Rac1 Nxd4 12. Qxd4 1/2-1/2

[Event "II Festival Francophone des Echecs"]
[Site "Arvier ITA"]
[Date "2010.07.09"]
[Round "9"]
[White "Xia, Jie"]
[Black "Scalcione, Michelangelo"]
[Result "0-1"]
[WhiteElo "2201"]
[BlackElo "2352"]
[PlyCount "110"]
[EventDate "2010.07.03"]

1. e4 d6 2. d4 Nf6 3. Nc3 e5 4. Nf3 Nbd7 5. Bc4 Be7 6. O-O O-O 7. a4 c6 8. Ba2
h6 9. Qe2 Nh7 10. Rd1 Ng5 11. Nh4 Nh3+ 12. gxh3 Bxh4 13. Kh1 Qf6 14. Be3 Nb8
15. dxe5 dxe5 16. Rg1 Bxh3 17. Qh5 Kh7 18. Rad1 Na6 19. f4 g6 20. fxe5 gxh5 21.
exf6 Bxf6 22. Rd6 Bg7 23. Rxg7+ Kxg7 24. Bxh6+ Kh7 25. Bxf8 Rxf8 26. Rd3 Bg4
27. h3 Nc5 28. hxg4 Nxd3 29. cxd3 hxg4 30. Kg2 Kg6 31. Kg3 f5 32. exf5+ Kxf5
33. d4 Kg5 34. d5 Rf3+ 35. Kg2 Kf4 36. dxc6 bxc6 37. Bc4 Ke3 38. b3 Kf4 39.
Ne2+ Ke3 40. Ng1 Rf4 41. Kg3 a5 42. Be6 Rf1 43. Kg2 Rb1 44. Bc4 c5 45. Ne2 Rb2
46. Kf1 Rc2 47. Bb5 Rd2 48. Bc4 Kf3 49. Nc3 g3 50. Bd5+ Ke3 51. Bc6 Rd3 52. Ne4
Kd4 53. Kg2 Rxb3 54. Nxg3 c4 55. Nf5+ Ke5 0-1

[Event "III Open Oro Caffe'"]
[Site "Udine ITA"]
[Date "2010.07.05"]
[Round "1"]
[White "Bozza, Gabriele"]
[Black "Gabassi, Cristina"]
[Result "1/2-1/2"]
[WhiteElo "2000"]
[BlackElo "1621"]
[PlyCount "80"]
[EventDate "2010.07.05"]

1. d4 Nf6 2. c4 e6 3. Nc3 c5 4. d5 d6 5. Bg5 Be7 6. e3 exd5 7. cxd5 O-O 8. Bd3
Nxd5 9. Bxe7 Nxe7 10. Qh5 g6 11. Qf3 Nbc6 12. Nh3 Be6 13. Nf4 d5 14. O-O Ne5
15. Qe2 Nxd3 16. Qxd3 Qd7 17. Rad1 Rad8 18. Rd2 Bf5 19. e4 dxe4 20. Qxd7 Rxd7
21. Rxd7 Bxd7 22. Nxe4 Kg7 23. Nxc5 Bc6 24. Rd1 Re8 25. f3 b6 26. Na6 Rc8 27.
Nb4 Bb5 28. b3 Kf8 29. a4 Be8 30. Rd3 a5 31. Nbd5 Nxd5 32. Nxd5 Rd8 33. Kf2 Bc6
34. Nb4 Rxd3 35. Nxd3 Bd5 36. b4 Ke7 37. bxa5 bxa5 38. Ke3 Kd6 39. Kd4 f6 40.
Nb2 h6 1/2-1/2

[Event "III Open Oro Caffe'"]
[Site "Udine ITA"]
[Date "2010.07.05"]
[Round "1"]
[White "Capaliku, Aleks"]
[Black "Trento, Giacomo"]
[Result "1/2-1/2"]
[WhiteElo "2095"]
[BlackElo "1794"]
[PlyCount "150"]
[EventDate "2010.07.05"]

1. f4 e5 2. fxe5 d6 3. exd6 Bxd6 4. Nf3 Bg4 5. e4 Nf6 6. d3 Nc6 7. Be2 Bc5 8.
c3 Bb6 9. Na3 a6 10. Nc4 Ba7 11. Ne3 Qe7 12. Qc2 Bxf3 13. gxf3 Nh5 14. Nf5 Qf6
15. d4 g6 16. Ng3 Qh4 17. Be3 O-O-O 18. Bf2 Nf4 19. O-O-O Kb8 20. Kb1 f5 21.
Bc4 Nh3 22. Be1 f4 23. Qg2 Rhf8 24. Ne2 Qh5 25. Bb3 Ng5 26. Rf1 Nxe4 27. Nxf4
Nxc3+ 28. bxc3 Rxf4 29. Bg3 Qf5+ 30. Kb2 Qg5 31. Qf2 Rf5 32. Bh4 Qf4 33. Bxd8
Nxd8 34. Qg3 Qh6 35. f4 Rh5 36. Rf2 Rh3 37. Qg5 Qf8 38. Re1 Rh5 39. Qe7 Qxe7
40. Rxe7 c5 41. d5 c4 42. Rd2 cxb3 43. axb3 Bg1 44. d6 Bxh2 45. Rd4 Bg1 46. Rc4
Bc5 47. Re8 Rh2+ 48. Kb1 Bb6 49. d7 Bc7 50. Rxd8+ Bxd8 51. Rc8+ Ka7 52. Rxd8
Rd2 53. Kc1 Rd6 54. c4 Kb6 55. Kc2 Kc7 56. Rf8 Kxd7 57. Rf7+ Kc6 58. Rxh7 Rd4
59. Rf7 b5 60. Rf6+ Rd6 61. Rxd6+ Kxd6 62. Kc3 Kc5 63. b4+ Kc6 64. c5 a5 65.
bxa5 Kxc5 66. Kb3 b4 67. Ka4 Kc4 68. a6 b3 69. Ka3 Kc3 70. a7 b2 71. a8=Q b1=Q
72. Qc6+ Kd4 73. Qd6+ Kc4 74. Qe6+ Kc3 75. Qe5+ Kc4 1/2-1/2

[Event "III Open Oro Caffe'"]
[Site "Udine ITA"]
[Date "2010.07.05"]
[Round "1"]
[White "Capizzi, Biagio"]
[Black "De Poi, Paolo"]
[Result "0-1"]
[WhiteElo "1824"]
[BlackElo "2198"]
[PlyCount "40"]
[EventDate "2010.07.05"]

1. d4 Nf6 2. c4 e6 3. Nf3 c5 4. e3 cxd4 5. exd4 d5 6. Nc3 Nc6 7. Bg5 Be7 8. Rc1
O-O 9. a3 a6 10. Bh4 dxc4 11. Bxc4 b5 12. Bd3 Bb7 13. b4 Rc8 14. Bb1 g6 15. Qd3
Nh5 16. Bg3 Bf6 17. Be5 Nxe5 18. Nxe5 Nf4 19. Qg3 Qxd4 20. Ng4 Bg5 0-1

[Event "III Open Oro Caffe'"]
[Site "Udine ITA"]
[Date "2010.07.05"]
[Round "1"]
[White "Cecchetto, Vanni"]
[Black "Parise, Mariano"]
[Result "1-0"]
[WhiteElo "1948"]
[BlackElo "1607"]
[PlyCount "127"]
[EventDate "2010.07.05"]

1. d4 d5 2. Nf3 Nf6 3. e3 Bf5 4. Bd3 Bxd3 5. Qxd3 c6 6. O-O e6 7. Nbd2 Be7 8.
e4 dxe4 9. Nxe4 Nbd7 10. Ng3 h6 11. b3 O-O 12. Bb2 Bd6 13. Rfe1 Nd5 14. Ne4 Be7
15. c4 N5f6 16. Ng3 Qc7 17. Rac1 Qd8 18. Rcd1 Re8 19. Qe2 Qc7 20. Ne5 Bb4 21.
Rf1 Rad8 22. f4 g6 23. Qf3 Bf8 24. h4 Bg7 25. h5 Nf8 26. hxg6 fxg6 27. Qd3 Kh7
28. Ba3 N6d7 29. Nf7 Rb8 30. Nd6 Red8 31. Nf7 Nc5 32. Bxc5 Qxf7 33. Bxa7 Ra8
34. Bb6 Bxd4+ 35. Bxd4 c5 36. Qe4 cxd4 37. Rxd4 Rxd4 38. Qxd4 Rxa2 39. Rd1 h5
40. Ne4 Kh6 41. Ng5 Qg7 42. Qe3 Qb2 43. Qg3 Qe2 44. Re1 Qg4 45. Qxg4 hxg4 46.
Kh2 Rb2 47. Re3 Kh5 48. Kg3 e5 49. Nf7 exf4+ 50. Kxf4 Rf2+ 51. Kg3 Rxf7 52. b4
Nd7 53. b5 Nb6 54. Rc3 Rc7 55. c5 Na4 56. Rc4 Nxc5 57. Rxg4 g5 58. Rd4 Ne6 59.
Rd2 Rc3+ 60. Kf2 Rb3 61. Rd6 Nc5 62. Ke2 Rxb5 63. Kf3 b6 64. g4+ 1-0

[Event "III Open Oro Caffe'"]
[Site "Udine ITA"]
[Date "2010.07.05"]
[Round "1"]
[White "Cicioni, Luigi"]
[Black "Mogranzini, Roberto"]
[Result "0-1"]
[WhiteElo "1827"]
[BlackElo "2387"]
[PlyCount "21"]
[EventDate "2010.07.05"]

1. e4 c5 2. Nc3 Nc6 3. f4 g6 4. Nf3 Bg7 5. Bc4 e5 6. O-O Nge7 7. f5 O-O 8. d3
d5 9. Bb3 dxe4 10. dxe4 Qxd1 11. Rxd1 0-1

[Event "III Open Oro Caffe'"]
[Site "Udine ITA"]
[Date "2010.07.05"]
[Round "1"]
[White "De Val, Tarcisio"]
[Black "Orsatti, Marcello"]
[Result "0-1"]
[WhiteElo "1615"]
[BlackElo "1995"]
[PlyCount "63"]
[EventDate "2010.07.05"]

1. e4 c5 2. Nf3 g6 3. Bc4 Bg7 4. O-O Nc6 5. c3 d6 6. d4 cxd4 7. cxd4 Nf6 8. Nc3
O-O 9. Re1 Bg4 10. Re3 Nd7 11. Ne2 Rc8 12. h3 Bxf3 13. Rxf3 Na5 14. Bd3 a6 15.
b3 Nc6 16. Be3 Nb4 17. Bb1 Qc7 18. Bd3 Nxd3 19. Qxd3 Qc2 20. Qxc2 Rxc2 21. Kf1
Nc5 22. e5 dxe5 23. Rd1 Rd8 24. d5 e4 25. Rg3 Nd3 26. Nf4 Be5 27. Rg4 f5 28.
Nxd3 exd3 29. Rb4 Rxd5 30. Bd2 Rxd2 31. Rxd2 Bc3 32. Rxd3 0-1

[Event "III Open Oro Caffe'"]
[Site "Udine ITA"]
[Date "2010.07.05"]
[Round "1"]
[White "Del Cont Bernard, Emanuela"]
[Black "Tassinari, Luca"]
[Result "0-1"]
[WhiteElo "1302"]
[BlackElo "1856"]
[PlyCount "64"]
[EventDate "2010.07.05"]

1. d4 Nf6 2. Nf3 g6 3. c4 Bg7 4. Nc3 d6 5. h3 O-O 6. Bg5 c5 7. e3 Qa5 8. Bd3
Nc6 9. O-O cxd4 10. exd4 Nxd4 11. Nxd4 Qxg5 12. Nf3 Qc5 13. Rc1 Nh5 14. Qd2 f5
15. Rfe1 e5 16. Be2 Be6 17. b3 Ng3 18. Kh2 Nxe2 19. Qxe2 h6 20. Nd5 Bxd5 21.
cxd5 Qxd5 22. Rc2 e4 23. Ng1 Qe5+ 24. Kh1 d5 25. Qd1 d4 26. Rd2 Rac8 27. Ne2 d3
28. Nc1 Qd5 29. Nxd3 Bc3 30. Nf4 Qxd2 31. Qxd2 Bxd2 32. Rd1 Bxf4 0-1

[Event "III Open Oro Caffe'"]
[Site "Udine ITA"]
[Date "2010.07.05"]
[Round "1"]
[White "Del Forno Sinicco, Michele"]
[Black "Pagnutti, Lorenzo"]
[Result "0-1"]
[WhiteElo "1802"]
[BlackElo "2095"]
[PlyCount "118"]
[EventDate "2010.07.05"]

1. e4 e5 2. Nf3 Nc6 3. Bb5 Nf6 4. O-O Bc5 5. Nxe5 Nxe5 6. d4 a6 7. Ba4 b5 8.
Bb3 Bxd4 9. Qxd4 d6 10. Bg5 c5 11. Bxf6 gxf6 12. Bxf7+ Kxf7 13. Qd2 Bb7 14. Nc3
Rg8 15. Qf4 Rg4 16. Qf5 Qg8 17. f4 Bc8 18. Qh5+ Qg6 19. Qxg6+ Nxg6 20. Nd5 Ne7
21. Ne3 Rg8 22. Rad1 Bb7 23. e5 Nf5 24. e6+ Kxe6 25. Rfe1 Nxe3 26. Rxe3+ Kd7
27. Rd2 Rae8 28. Red3 d5 29. b3 Re4 30. g3 Rge8 31. Kf2 f5 32. Kf3 h5 33. Kf2
Kd6 34. c3 a5 35. a3 c4 36. bxc4 Rxc4 37. Kg2 Kc5 38. Kh3 Ra4 39. Ra2 Rae4 40.
Rdd2 Re3 41. Rac2 Kc4 42. Rd4+ Kb3 43. Rc1 Bc6 44. Rdd1 a4 45. Ra1 Rxc3 46.
Rdb1+ Kc4 47. Rc1 d4 48. Kh4 Re2 49. Kxh5 Rxh2+ 50. Kg5 Be4 51. Re1 Rxg3+ 52.
Kf6 Rh6+ 53. Ke5 Rh8 54. Rec1+ Rc3 55. Rg1 Re8+ 56. Kd6 Rc8 57. Ke5 Bc2 58. Rg5
d3 59. Rxf5 Rc5+ 0-1

[Event "III Open Oro Caffe'"]
[Site "Udine ITA"]
[Date "2010.07.05"]
[Round "1"]
[White "Della Pietra, Andrea"]
[Black "Muzzolini, Claudio"]
[Result "1-0"]
[WhiteElo "2170"]
[BlackElo "1809"]
[PlyCount "51"]
[EventDate "2010.07.05"]

1. d4 Nf6 2. c4 d5 3. cxd5 Nxd5 4. Nf3 Nc6 5. e4 Nb6 6. h3 e6 7. Be3 Be7 8. Be2
O-O 9. Nc3 Bb4 10. O-O a6 11. Rc1 Re8 12. e5 Bxc3 13. bxc3 Nd7 14. Bd3 Nf8 15.
Ng5 h6 16. Ne4 Qh4 17. Kh2 Ng6 18. Nf6+ gxf6 19. g3 f5 20. gxh4 Kh7 21. Qh5 Rh8
22. Bxh6 Bd7 23. Rg1 Nce7 24. Rg3 f4 25. Bxf4+ Kg7 26. Qg5 1-0

[Event "III Open Oro Caffe'"]
[Site "Udine ITA"]
[Date "2010.07.05"]
[Round "1"]
[White "Fantini, Marco"]
[Black "Degano, Emanuele"]
[Result "1-0"]
[WhiteElo "1954"]
[BlackElo "1614"]
[PlyCount "42"]
[EventDate "2010.07.05"]

1. d4 e6 2. e4 c6 3. Nc3 Nf6 4. e5 Nd5 5. Nxd5 exd5 6. Nf3 Be7 7. Bd3 d6 8. O-O
Be6 9. Re1 dxe5 10. Nxe5 Nd7 11. Qh5 Nxe5 12. Rxe5 Qd7 13. Bg5 O-O-O 14. Bxe7
Qxe7 15. Bf5 Rd6 16. Rae1 g6 17. Bxe6+ Rxe6 18. Qh3 Kd7 19. Qb3 b6 20. Qa4 Kc8
21. Rxe6 fxe6 1-0